000 01184nam a2200325 a 4500
001 BRCA_6531
005 20190320205508.0
008 290911s2000----mx-a######---#000-0#spa-#
020 _a968501101X
041 _aspa
044 _amx
050 4 _aNA6245
_b.B36 2000
245 1 0 _aBanco de México
_bsu historia y su edificio sede
_cprólogo Francisco Borja Martínez ; textos Eduardo Turrent, Edgar Tavares ; fotografía Michel Zabé, Arturo Chapa.
250 _a2
260 _aCiudad de México
_bBanco de México
_c2000
300 _a199 p.
_bil. (algunas a color)
_c34 cm.
500 _aDonación Dra. Elsa Barberena
504 _aIncluye referencias bibliográficas
504 _aBibliografía: p. 195-197
610 2 4 _aBanco de México (1925- )
_xHistoria
_916300
650 1 4 _aArquitectura
_xHistoria
_ySiglo XX
_zCiudad de México (México)
_916301
651 4 _aCiudad de México (México)
_xEdificios, estructuras, etc.
_915245
700 1 _aBorja Martínez, Francisco
_eprol.
_916302
700 1 _aTurrent, Eduardo
_916303
700 1 _aTavares, Edgar
_916304
700 1 _aZabé, Michel
_938
700 1 _aChapa, Arturo
_99091
902 _aDEB
942 _2lcc
_cB
999 _c6215
_d6215